Contabilidad práctica 3 /

Guardado en:
Autor Principal: García Apolinar, Edgardo
Formato: Libro
Publicado: Buenos Aires : Troquel, 1980
Etiquetas: Agregar Etiqueta
Sin Etiquetas, Sea el primero en etiquetar este registro!
LEADER 00773nam a22001695a 4500
001 CEM.cems002775
005 20060220000000.0
008 130507s1980##################000#0#####d
003 CEMS
082 0 4 |a 657 
100 1 |a García Apolinar, Edgardo 
245 1 0 |a Contabilidad práctica 3 /  |c Edgardo García Apolinar 
260 |a Buenos Aires :  |b Troquel,  |c 1980 
300 |a 288 p. 
505 0 |a Evoluci¢n de la lengua.-Discurso period¡stico.-Narraci¢n period¡stica y literaria.-Discurso narrativo, cr¢nica literaria.-El discurso de otros.-La circunstancia en el discurso.-Discurso argumentativo.-Discurso dram tico.-Discurso l¡rico.- 
859 |a CEMS  |b BIB. CEMS - 11 de abril  |h 657  |i G165-1/III  |p 10462.81  |t Ej.1 
859 |a CEMS  |b BIB. CEMS - 11 de abril  |h 657  |i G165-1/III  |p 10463.81  |t Ej.2